000 01277cab a2200229 4500
001 X86197
008 090401t1997 xxu||||| |||| 00| 0 eng d
035 _a(Sirsi) u80608
041 _aeng
245 _aSt Helens MBC and Reardon and Derry Bros. UK Ltd.
260 _c1997
350 _a0
490 _aPlanning Appeal Decisions
_v[1997] 12 PAD 343-347(5)
520 _aHearing 15 January 1997. Retrospective application-change of use to parking haulage vehicles-landscaping, screening, habitat enhancement-change of use from bog-whether appropriate in Green Belt-whether very special circumstances-commercial need-landscape improvements-economic reasons-Green Belt Local Plan-draft Unitary Development Plan-inappropriate development-PPG2-whether extension of enterprise essential-no available alternative site-access to motorway-no public operations-Heritage Landscape-Site of Community Wildlife interest-refusal and dismissal despite officers` recommendations for approval. Taken from headnote.
650 _aCHANGE OF USE
650 _aGREEN BELT
650 _aPLANNING POLICY GUIDANCE NOTE 2 (GREEN BELTS)
650 _aST HELENS MBC AND REARDON AND DERRY BROS. UK LTD.
690 _aPLANNING LAW AND PRACTICE-CASE LAW
942 _n0
948 _c02/09/1997
999 _c50740
_d50740